Canadian food & grocery B2B industry guide 2011.
| Format: | Book |
|---|---|
| Published: |
[S.l:
Contact Canada,
2011.
|
| Subjects: |
| LEADER | 00517cam a2200157 7i4500 | ||
|---|---|---|---|
| 001 | 0000027381 | ||
| 005 | 20111215090000.0 | ||
| 020 | 0 | 0 | |a 9781897488317 |
| 090 | 0 | 0 | |a CAND 641.3025 |b CAN |
| 245 | 0 | 0 | |a Canadian food & grocery B2B industry guide 2011. |
| 260 | 0 | 0 | |a [S.l: |b Contact Canada, |c 2011. |
| 300 | # | # | |a 304 p. |
| 650 | 0 | 0 | |a Food industry and trade -- |x Directories -- |z Canada |
| 650 | 0 | 0 | |a Grocery trade -- |x Directories -- |z Canada |
| 651 | 0 | 0 | |a Canada |
| 999 | |a B000029507 |b Directories |c Countries |e Business Information Centre | ||


